[Event "Michigan Action"]
[Site "Flint"]
[Date "2002.12.07"]
[Round "5"]
[White "Rokita, Ryan"]
[Black "Sowa, Jason"]
[Result "0-1"]
[WhiteElo "929"]
[BlackElo "962"]
[PlyCount "108"]
[EventDate "2002.12.07"]
[EventType "swiss (rapid)"]
[EventRounds "6"]
[EventCountry "USA"]
[SourceTitle "EXT 2009"]
[Source "ChessBase"]
[SourceDate "2008.11.26"]
[SourceVersion "1"]
[SourceVersionDate "2008.11.26"]
[SourceQuality "1"]

1. e4 Nf6 2. e5 Nd5 3. c4 Nb6 4. Nc3 Nc6 5. d4 d6 6. exd6 cxd6 7. a3 g6 8. Nf3 Bg4 9. Be2 Bxf3 10. Bxf3 Bg7 11. Bxc6+ bxc6 12. 0-0 0-0 13. d5 Nxc4 14. dxc6 Qc7 15. Qd5 Na5 16. Be3 Nxc6 17. Nb5 Qd7 18. Rac1 Rfc8 19. Rfe1 Bxb2 20. Rc2 Bg7 21. Rec1 Ne5 22. Nxa7 Rd8 23. Bb6 Re8 24. Rc7 Qa4 25. Qb7 Qxa3 26. h3 Rab8 27. Qd5 Rxb6 28. Rc8 Rxc8 29. Rxc8+ Bf8 30. Qa8 Qa1+ 31. Kh2 Nd7 32. Rd8 Qe5+ 33. g3 Qe2 34. Rxd7 Qxf2+ 35. Qg2 Qxg2+ 36. Kxg2 Ra6 37. Nc8 Kg7 38. Nxe7 Bxe7 39. Rxe7 Kf6 40. Rd7 Ke6 41. Rd8 d5 42. Kf3 Rd6 43. Rxd6+ Kxd6 44. Ke3 Ke5 45. g4 f5 46. gxf5 gxf5 47. Kf3 d4 48. h4 f4 49. h5 h6 50. Ke2 Ke4 51. Kd2 f3 52. Ke1 Ke3 53. Kd1 f2 54. Kc2 f1Q 0-1

[Event "Genesee County CC-ch"]
[Site "Flint"]
[Date "2001.10.24"]
[Round "3"]
[White "Sowa, Jason"]
[Black "Saylor, Oliver"]
[Result "0-1"]
[WhiteElo "626"]
[BlackElo "1518"]
[PlyCount "94"]
[EventDate "2001.10.10"]
[EventType "swiss"]
[EventRounds "5"]
[EventCountry "USA"]
[SourceTitle "EXT 2009"]
[Source "ChessBase"]
[SourceDate "2008.11.26"]
[SourceVersion "1"]
[SourceVersionDate "2008.11.26"]
[SourceQuality "1"]

1. e4 e5 2. Nf3 Nc6 3. d4 exd4 4. Nxd4 Nf6 5. Nc3 Bc5 6. Nxc6 bxc6 7. Bc4 d6 8. 0-0 0-0 9. Bg5 Qe7 10. Bxf6 Qxf6 11. a3 Be6 12. Bxe6 Qxe6 13. b4 Bb6 14. Na4 Qxe4 15. Nxb6 cxb6 16. Qxd6 Qxc2 17. Rac1 Qa4 18. Rxc6 Rad8 19. Qc7 Qxa3 20. g3 g6 21. Rc4 Qa2 22. Rc2 Qa4 23. Rc4 Qa6 24. Qc6 Rc8 25. Qxc8 Rxc8 26. Rxc8+ Qxc8 27. Ra1 a6 28. Kg2 Qc6+ 29. f3 Qc2+ 30. Kh3 h5 31. Rxa6 Qc8+ 32. g4 Qxa6 33. gxh5 g5 34. Kg4 f6 35. h4 Qc8+ 36. Kg3 gxh4+ 37. Kxh4 Qf5 38. b5 Qxb5 39. f4 Kg7 40. Kg4 Kh6 41. f5 Qc4+ 42. Kf3 Kxh5 43. Kf2 Qd3 44. Ke1 Qc2 45. Kf1 Kg4 46. Ke1 Kf3 47. Kf1 Qf2# 0-1